Letopis' žizni i tvorčestva Aleksandra Puškina v četyrech tomach Tom 1., 1799-1824

Bibliographic Details
Other Authors: Cjavlovskij, M.A (Compiler)
Format: Book
Language:Russian
PhysicalDescription:590 s. 22 cm
Published: [Moskva] Slovo 1999
ISBN:5850502424
5850502416
Subjects:

MARC

LEADER 00000nam a2200000 a 4500
001 vtls001388128
003 SK-MaSNL
005 20260301161531.0
008 251124s1999 RU rb 0 rus
020 |a 5850502424  |c [260,00] 
020 |a 5850502416 
035 |a SNK000342347 
040 |a SNK  |b slo  |c SNK  |e AACR2 
044 |a RU 
080 |a 82:929:882=82  |2 1981 
080 |a 882:929=82  |2 1981 
080 |a 929 Puškin, A.S.  |2 1981 
080 |a 882(091) Puškin, A.S.  |2 1981 
245 1 |a Letopis' žizni i tvorčestva Aleksandra Puškina  |b v četyrech tomach  |n Tom 1., 1799-1824  |c sostavitel' M.A. Cjavlovskij 
260 |a [Moskva]  |b Slovo  |c 1999 
300 |a 590 s.  |c 22 cm 
500 |a dokument obsahuje dvojaké stránkovanie 
600 1 |a Puškin, Aleksandr Sergejevič,  |d 1799-1837  |2 SNK  |9 16675 
700 1 |a Cjavlovskij, M.A.  |4 zos  |9 524689 
919 |a 5-85050-242-4 
919 |a 5-85050-241-6 
999 |c 809869  |d 811799 
952 |t P60, <04>, [BOOK], {604}  |a SNK  |b SNK  |y VYP  |7 0  |p 17A0237647  |o snkIC 128554/1  |i snkV 747/2000  |0 0  |1 0  |4 0  |d 2000-05-19  |l 0  |r 2005-01-02 00:00:00  |w 2026-02-24